Mi történik

Elmentve itt :
Bibliográfiai részletek
Szerző: FÁBIÁN Ernő
Adatforrás:Meister
Forrásdokumentuma:A Hét. -
26 sz., 1990, 1 p.
Nyelv:magyar
Kulcsszavak:politológia
politikai intézmények
választások (romániai, 1990)
peresztrojka
glasznoszty
kommunizmus
nomenklatúra
romániai választások l: választások
FUKUYAMA Francis
MARX Karl
ZINOVJEV Alekszandr
GORBACSOV Mihail Sz.
RMDSZ-Romániai Magyar Demokrata Szövetség
Nemzeti Megmentési Front (FSN)
LEADER 00799nab a2200277 i 4500
001 bibPRO00004643
008 060524s1990 xx hun
040 |a Sz1 
041 |a hun 
100 1 |a FÁBIÁN Ernő 
245 1 0 |a Mi történik  |c FÁBIÁN Ernő 
695 |a politológia 
695 |a politikai intézmények 
695 |a választások (romániai, 1990) 
695 |a peresztrojka 
695 |a glasznoszty 
695 |a kommunizmus 
695 |a nomenklatúra 
695 |a romániai választások l: választások 
695 |a FUKUYAMA Francis 
695 |a MARX Karl 
695 |a ZINOVJEV Alekszandr 
695 |a GORBACSOV Mihail Sz. 
695 |a RMDSZ-Romániai Magyar Demokrata Szövetség 
695 |a Nemzeti Megmentési Front (FSN) 
773 0 |t A Hét. -  |g 26 sz., 1990, 1 p.